00352 a2200121 450000500170000002000170001708200140003410000200004824500290006826000430009730000730014070000170021320250616161115.0 a07- 065275-9 a658.8 TRO aTROXELL, M. D.  aFashion Merchandising.  aNew York, bMcGraw - Hill, Inc,c1971. aviii, 406p.: ill.; picture, tablebBibliography & Glossary, c24cm.  aJudelle, B.